00362nam a2200133Ia 4500008004100000041000800041082001600049100002300065245004600088250000800134260005300142300001200195999002100207231228s2009 xx 000 0 und d aeng a658.15bDAM aDAMODARAN (Aswath) aApplied Corporate Finance: A Users Manual a2nd aNew DelhibWiley India Pvt. Ltd. New Delhic2009 aiv, 658 c1095370d1095370